000 00535nam a2200181Ia 4500
008 240729s9999 xx 000 0 und d
022 _a2040-6215
245 0 _aTherapeutic Advances in Hematology
260 _aUnited Kingdom
260 _bSAGE Publishing
650 _a Diseases of the blood and blood-forming organs
650 _a Internal medicine
650 _a Specialties of internal medicine
650 _aMedicine
856 _uhttps://doaj.org/toc/d63a35a08f554f19a08f95208d441b52
942 _2ddc
942 _cDOAJEJ
999 _c67800
_d67800
945 _a1
_bMadushi Gamage
_c1
_dMadushi Gamage